000
00353 a2200169 4500
001
182079
020
_a
85-08-04049-0
040
_c
Magnum
100
_a
Dimenstein, Gilberto
240
1
0
_a
Meninas da noite
_l
por
245
1
0
_a
Meninas da noite
300
_a
161
362
0
_a
1997
440
1
_a
Ática
697
_a
LITERATURA GERAL
942
_c
BK
999
_c
182079
_d
182079